000 00927nam a2200217 4500
005 20240530110551.0
008 160720s2014 ua ak f b 000 0 ara d
017 _a2014/15401
_bمصر . دار الكتب المصرية
020 _a9789777220200
040 _aEG-CaGPL
082 0 4 _221
_a658.31422\
_bخ ر
110 0 _4خبراء المجموعة العربية للتدريب و النشر
245 1 2 _aالرضا الوظيفى و الارتقاء بالعمل المهنى /
_cاعداد خبراء المجموعة العربية للتدريب و النشر
250 _aط. 1
260 _aالقاهرة :
_bالمجموعة العربية للتدريب و النشر ،
_c2014 .
300 _a91 ص. :
_bايض ؛
_c30 سم .
490 0 _aالمهارات الادارية
504 _aيشتمل على ارجاعات ببليوجرافية
650 0 4 _aالرضا الوظيفى
942 _2ddc
_cBK
999 _c62471
_d62471